[Event "Barcelona Sant Marti op-B 18th"]
[Site "Barcelona"]
[Date "2016.07.20"]
[Round "8.18"]
[White "Pallares Gurrea, Aitor Alexander"]
[Black "Garcia Ruiz, Adrian"]
[Result "1-0"]
[WhiteElo "1752"]
[BlackElo "1884"]
[PlyCount "117"]
[EventDate "2016.07.13"]
[EventType "swiss"]
[EventRounds "9"]
[EventCountry "ESP"]
[SourceTitle "EXT 2024"]
[Source "ChessBase"]
[SourceDate "2023.10.10"]
[SourceVersion "1"]
[SourceVersionDate "2023.10.10"]
[SourceQuality "1"]

1. Nf3 Nf6 2. g3 c5 3. Bg2 Nc6 4. 0-0 d5 5. d4 e6 6. c3 cxd4 7. cxd4 Be7 8. Nc3 0-0 9. Bf4 Bd7 10. Re1 Rc8 11. Nb5 Be8 12. Rc1 a6 13. Nc3 Nb8 14. Ne5 Nbd7 15. Nd3 Nh5 16. Bd2 Nhf6 17. Bf4 Nh5 18. Bd2 Nhf6 19. Bf4 Nb6 20. Ne5 Nc4 21. Nxc4 Rxc4 22. Qd3 b5 23. Nb1 Bd6 24. Bxd6 Qxd6 25. Nd2 Rc7 26. Rc2 Bd7 27. Rec1 Rfc8 28. Nb3 Rxc2 29. Rxc2 Rc4 30. Nd2 Rxc2 31. Qxc2 Qc6 32. Qxc6 Bxc6 33. b4 Kf8 34. Nb3 Nd7 35. Nc5 Nxc5 36. dxc5 Ke7 37. Kf1 Kf6 38. e3 h6 39. Ke2 Ke7 40. Kd3 e5 41. Bh3 Bb7 42. f4 f6 43. Bg2 Ke6 44. Bh3+ Ke7 45. Bf5 Kd8 46. h4 Ke7 47. Ke2 Kf8 48. Kf3 Ke7 49. g4 Kd8 50. g5 Ke7 51. Kg4 hxg5 52. hxg5 Kf7 53. Kf3 g6 54. Bd7 Ke7 55. c6 Ba8 56. gxf6+ Kd6 57. f7 Ke7 58. c7 d4+ 59. Ke2 1-0

[Event "Barcelona Sant Marti op-B 18th"]
[Site "Barcelona"]
[Date "2016.07.16"]
[Round "4.21"]
[White "Minko, Dmitry"]
[Black "Pallares Gurrea, Aitor Alexander"]
[Result "1-0"]
[WhiteElo "1884"]
[BlackElo "1752"]
[PlyCount "117"]
[EventDate "2016.07.13"]
[EventType "swiss"]
[EventRounds "9"]
[EventCountry "ESP"]
[SourceTitle "EXT 2024"]
[Source "ChessBase"]
[SourceDate "2023.10.10"]
[SourceVersion "1"]
[SourceVersionDate "2023.10.10"]
[SourceQuality "1"]

1. e4 e5 2. Nf3 Nc6 3. d4 exd4 4. Nxd4 Bc5 5. Be3 Qf6 6. c3 Nge7 7. Bc4 Ne5 8. Bb3 d6 9. 0-0 0-0 10. f3 N7g6 11. Qd2 h6 12. Ne2 Rd8 13. Bxc5 dxc5 14. Qe3 c4 15. Bc2 Nd3 16. Bxd3 Rxd3 17. Qc5 Qb6 18. Qxb6 axb6 19. Nd4 Ra5 20. Na3 Rxa3 21. bxa3 Rxc3 22. Nb5 Rc2 23. Rf2 Rxf2 24. Kxf2 c6 25. Nd6 Be6 26. Rb1 b5 27. a4 bxa4 28. Nxb7 c3 29. Nc5 Ne5 30. Rc1 Bxa2 31. Rxc3 Kf8 32. Nxa4 Ke7 33. Nb6 Kd6 34. f4 Ng4+ 35. Kg3 h5 36. h3 Nh6 37. Rd3+ Kc7 38. Na4 Ng8 39. Nc3 Bc4 40. Rd4 Bb3 41. e5 Ne7 42. Rb4 Bc2 43. Kh4 g6 44. g4 hxg4 45. hxg4 c5 46. Rb2 Bd3 47. Kg5 Bc4 48. Ne4 Kc6 49. Nd6 Be6 50. f5 gxf5 51. gxf5 Bd5 52. Rb8 c4 53. Kf6 Kd7 54. Nxf7 Nxf5 55. Kxf5 Bxf7 56. Rb7+ Ke8 57. Kf6 Bd5 58. Rc7 Kd8 59. Rc5 1-0

[Event "Barcelona Sant Marti op-B 18th"]
[Site "Barcelona"]
[Date "2016.07.14"]
[Round "2.15"]
[White "Valarezo Ricard, Pedro"]
[Black "Pallares Gurrea, Aitor Alexander"]
[Result "0-1"]
[WhiteElo "1887"]
[BlackElo "1752"]
[PlyCount "76"]
[EventDate "2016.07.13"]
[EventType "swiss"]
[EventRounds "9"]
[EventCountry "ESP"]
[SourceTitle "EXT 2024"]
[Source "ChessBase"]
[SourceDate "2023.10.10"]
[SourceVersion "1"]
[SourceVersionDate "2023.10.10"]
[SourceQuality "1"]

1. d4 Nf6 2. Nf3 e6 3. Bg5 Be7 4. Nbd2 d5 5. e3 Nbd7 6. Bd3 c5 7. c3 b6 8. Bb5 Bb7 9. Ne5 0-0 10. Nc6 Bxc6 11. Bxc6 Rc8 12. Ba4 a6 13. h4 b5 14. Bc2 e5 15. Nf3 cxd4 16. exd4 e4 17. Ne5 b4 18. Nxd7 Nxd7 19. Bxe7 Qxe7 20. Qd2 bxc3 21. bxc3 Nb6 22. Bb3 Nc4 23. Bxc4 Rxc4 24. Rb1 Rfc8 25. Rb3 Qc7 26. Rh3 f5 27. Qg5 Rf8 28. h5 h6 29. Qd2 f4 30. g3 f3 31. Qe3 Rc8 32. Kd2 Qa5 33. a3 Qa4 34. Rb4 Rxb4 35. axb4 Qa2+ 36. Kd1 Qb1+ 37. Qc1 Qd3+ 38. Qd2 Qf1+ 0-1

[Event "Barcelona Sant Marti op-B 5th"]
[Site "Barcelona"]
[Date "2016.02.25"]
[Round "7"]
[White "Pallares Gurrea, Aitor Alexander"]
[Black "Tortosa Moros, Joan"]
[Result "1-0"]
[WhiteElo "1658"]
[BlackElo "1756"]
[PlyCount "71"]
[EventDate "2016.01.14"]
[EventType "swiss"]
[EventRounds "9"]
[EventCountry "ESP"]
[SourceTitle "EXT 2017"]
[Source "ChessBase"]
[SourceDate "2016.10.25"]
[SourceVersion "1"]
[SourceVersionDate "2016.10.25"]
[SourceQuality "1"]

1. d4 Nf6 2. c4 e6 3. Nf3 b6 4. g3 Bb7 5. Bg2 Be7 6. 0-0 0-0 7. Re1 d6 8. Nc3 c5 9. e4 cxd4 10. Nxd4 e5 11. Nf5 Nc6 12. Bg5 Qc7 13. Bxf6 Bxf6 14. Qxd6 Qxd6 15. Nxd6 Ba6 16. Ndb5 Bxb5 17. Nxb5 Nb4 18. Red1 a6 19. Nc7 Rac8 20. Rd7 Bd8 21. a3 Nc2 22. Rc1 Nd4 23. Rxd4 exd4 24. Nxa6 Be7 25. e5 g5 26. Bd5 b5 27. c5 Rcd8 28. Bb7 d3 29. c6 d2 30. Rd1 f5 31. c7 Rde8 32. Rxd2 f4 33. Rd7 f3 34. h3 g4 35. hxg4 Bg5 36. e6 1-0

[Event "L'Hospitalet de Llobregat op 6th"]
[Site "L'Hospitalet de Llobregat"]
[Date "2015.04.25"]
[Round "3.7"]
[White "Jose Iraeta, Alexandre"]
[Black "Pallares Gurrea, Aitor Alexander"]
[Result "1/2-1/2"]
[WhiteElo "2190"]
[BlackElo "1961"]
[PlyCount "83"]
[EventDate "2015.04.11"]
[EventType "swiss"]
[EventRounds "8"]
[EventCountry "ESP"]
[SourceTitle "EXT 2024"]
[Source "ChessBase"]
[SourceDate "2023.10.10"]
[SourceVersion "1"]
[SourceVersionDate "2023.10.10"]
[SourceQuality "1"]

1. d4 Nf6 2. g3 d5 3. Bg2 Bf5 4. Nf3 e6 5. Nh4 Be4 6. f3 Bf5 7. Nxf5 exf5 8. Qd3 Nc6 9. c3 g6 10. Nd2 Bh6 11. Nb3 Bxc1 12. Rxc1 0-0 13. 0-0 f4 14. e4 fxe3 15. Rfe1 Re8 16. Rxe3 Rxe3 17. Qxe3 Qe7 18. Re1 Re8 19. Kf2 b6 20. Bh3 a5 21. Nc1 Qxe3+ 22. Rxe3 Rxe3 23. Kxe3 g5 24. Nd3 Kf8 25. Ne5 Ne7 26. Nd7+ Kg7 27. Nb8 Ne8 28. Na6 f5 29. Bf1 Kf6 30. b4 axb4 31. cxb4 Ke6 32. b5 Kd6 33. Nb4 h5 34. a4 f4+ 35. Kf2 Nf5 36. Nc2 Neg7 37. g4 hxg4 38. fxg4 Nh6 39. Kf3 Nf7 40. h4 Ne6 41. h5 Ned8 42. Nb4 1/2-1/2

[Event "Badalona op-B 40th"]
[Site "Badalona"]
[Date "2014.08.09"]
[Round "8"]
[White "Pallares Gurrea, Aitor Alexander"]
[Black "Palacios Pena, Gerardo"]
[Result "0-1"]
[WhiteElo "1956"]
[BlackElo "1993"]
[PlyCount "81"]
[EventDate "2014.08.02"]
[EventType "swiss"]
[EventRounds "9"]
[EventCountry "ESP"]
[SourceTitle "EXT 2015"]
[Source "ChessBase"]
[SourceDate "2014.11.20"]
[SourceVersion "1"]
[SourceVersionDate "2014.11.20"]
[SourceQuality "1"]

1. d4 d5 2. e3 Nf6 3. Bd3 Bg4 4. Ne2 e6 5. 0-0 Be7 6. Nd2 Nbd7 7. f3 Bh5 8. e4 Bg6 9. Nf4 c6 10. Qe2 Qc7 11. e5 Ng8 12. c4 Bg5 13. Nxg6 hxg6 14. f4 Be7 15. b3 Nh6 16. Bb2 Nb6 17. Rac1 Nf5 18. g4 Nh6 19. f5 gxf5 20. gxf5 0-0-0 21. c5 Nd7 22. b4 Nxf5 23. b5 Nb8 24. a4 g6 25. a5 Rh3 26. b6 axb6 27. cxb6 Qd7 28. a6 Re3 29. a7 Rxe2 30. Bxe2 Bg5 31. Bc3 Be3+ 32. Kh1 Rh8 33. Rxf5 gxf5 34. Bb4 Qd8 35. Bd6 Rxh2+ 36. Kxh2 Qh4+ 37. Kg2 Qg5+ 38. Bg4 Qxg4+ 39. Kf1 Qg1+ 40. Ke2 Qf2+ 41. Kd3 0-1

[Event "Badalona op-B 40th"]
[Site "Badalona"]
[Date "2014.08.07"]
[Round "6"]
[White "Pallares Gurrea, Aitor Alexander"]
[Black "Ritter Aguilar, Jordi"]
[Result "1/2-1/2"]
[WhiteElo "1956"]
[BlackElo "2065"]
[PlyCount "117"]
[EventDate "2014.08.02"]
[EventType "swiss"]
[EventRounds "9"]
[EventCountry "ESP"]
[SourceTitle "EXT 2015"]
[Source "ChessBase"]
[SourceDate "2014.11.20"]
[SourceVersion "1"]
[SourceVersionDate "2014.11.20"]
[SourceQuality "1"]

1. d4 d5 2. e3 c5 3. c3 Nc6 4. f4 b6 5. Bd3 cxd4 6. exd4 Nf6 7. Nf3 e6 8. Nbd2 Be7 9. Ne5 Bd7 10. 0-0 0-0 11. Qf3 g6 12. g4 Ne8 13. g5 f6 14. gxf6 Nxf6 15. Qg3 Nh5 16. Qg2 Nxe5 17. fxe5 Rxf1+ 18. Nxf1 Qf8 19. Ng3 Nf4 20. Bxf4 Qxf4 21. Bc2 Bb5 22. Nf5 Qg5 23. Nxe7+ Qxe7 24. a4 Bc4 25. b3 Ba6 26. c4 Bb7 27. Qg4 Rf8 28. Rf1 Rxf1+ 29. Kxf1 Kg7 30. Qf4 Qf7 31. Qxf7+ Kxf7 32. Kf2 Kg7 33. c5 bxc5 34. dxc5 a5 35. Ke3 g5 36. Bd3 h5 37. Bb5 Kf7 38. c6 Bc8 39. Kd4 g4 40. Kc5 h4 41. b4 axb4 42. Kxb4 g3 43. hxg3 hxg3 44. Bf1 Ke7 45. Kc5 Kd8 46. Kd4 Kc7 47. Ke3 Kxc6 48. Kf3 Kc5 49. Kxg3 Kb4 50. Bb5 d4 51. Kf2 Bb7 52. Ke2 Kc5 53. Kd3 Kd5 54. Bc4+ Kxe5 55. Bxe6 Be4+ 56. Kc4 d3 57. Bg4 Kf4 58. Bd1 Ke3 59. Kc3 1/2-1/2

[Event "Barcelona Sant Marti op-B 16th"]
[Site "Barcelona"]
[Date "2014.07.20"]
[Round "8"]
[White "Ferre Navarro, Joan"]
[Black "Pallares Gurrea, Aitor Alexander"]
[Result "0-1"]
[WhiteElo "1846"]
[BlackElo "1956"]
[PlyCount "56"]
[EventDate "2014.07.13"]
[EventType "swiss"]
[EventRounds "9"]
[EventCountry "ESP"]
[SourceTitle "CBM 161 Extra"]
[Source "ChessBase"]
[SourceDate "2014.08.29"]
[SourceVersion "1"]
[SourceVersionDate "2014.08.29"]
[SourceQuality "1"]

1. d4 Nf6 2. c4 g6 3. Nc3 Bg7 4. g3 0-0 5. Bg2 d6 6. Nf3 Nbd7 7. 0-0 e5 8. dxe5 dxe5 9. e4 c6 10. b3 Qc7 11. Bb2 Nc5 12. Qc2 Re8 13. Rad1 Bg4 14. Rd2 Ne6 15. Ne2 Nc5 16. Nc3 Rad8 17. Rfd1 Bxf3 18. Bxf3 Ne6 19. Ne2 Rxd2 20. Rxd2 c5 21. Nc3 Nd4 22. Qd1 Rd8 23. Bg2 Qd7 24. Nd5 Nxd5 25. exd5 f5 26. f3 Bh6 27. Rd3 Re8 28. Bc1 Bxc1 0-1